000
00309nam a2200121Ia 4500
008
190216s9999||||xx |||||||||||||| ||und||
100
_a
Balakrishnapillay K
245
0
_a
Prayathnathishtitha Moolya Sidhandham
260
_b
Kerala Bhasha Institute
_c
1974
300
_a
71p
650
_a
Economics
942
_c
BK
999
_c
38319
_d
38319